000 003040000a22000970004500
100 1 _aGlazer, Brian
245 1 0 _aThe goddess with a fiery breath : The egyptian derivation of a gnostic mythologoumenon
300 _aVol. 36, Num. 1 (Enero, 1991), Páginas 92-94
773 0 _tNovum Testamentum
942 _cANA
999 _c56807
_d56807